E-learning ako médium na podporu klasického učebného procesu

Využívanie informácií poskytovaných informačnými a komunikačnými technológiami, ktoré môžu napomôcť k zvýšeniu úrovne efektívneho vzdelávania i samotného vyučovacieho procesu.

Na minha lista:
Detalhes bibliográficos
Autor principal: Hlavatý, Ivan, 1978-
Outros Autores: Červenka, Peter, 1976-
Formato: Capítulo de Livro
Idioma:eslovaco
Assuntos:
Tags: Adicionar Tag
Sem tags, seja o primeiro a adicionar uma tag!

MARC

LEADER 00000nla a2200000 4500
001 0163813
005 20240530102402.2
041 0 |a slo 
044 |a SK 
245 1 0 |a E-learning ako médium na podporu klasického učebného procesu  |c Ivan Hlavatý, Peter Červenka 
520 |a Využívanie informácií poskytovaných informačnými a komunikačnými technológiami, ktoré môžu napomôcť k zvýšeniu úrovne efektívneho vzdelávania i samotného vyučovacieho procesu. 
610 2 0 |a vyučovanie 
610 2 0 |a vzdelávanie elektronické 
610 2 0 |a vedomosti 
610 2 0 |a technológie informačné 
610 2 0 |a technológie komunikačné 
610 2 0 |a efektívnosť vzdelávania 
100 1 |a Hlavatý, Ivan, 1978- 
700 1 |a Červenka, Peter, 1976-